| Tag |
First Indicator |
Second Indicator |
Subfields |
| LEADER |
00000cam a2200000 a 4500 |
| 001 |
in00004485113 |
| 005 |
20191203081209.0 |
| 008 |
950320s1996 nyua b 001 0 eng |
| 010 |
|
|
|a 95012214
|
| 019 |
|
|
|a 34559667
|
| 020 |
|
|
|a 0387944958 (alk. paper)
|
| 035 |
|
|
|a (OCoLC)32273525
|
| 035 |
|
|
|9 AAG6880MS
|
| 035 |
|
|
|z (UtOrBLW)21567
|
| 035 |
|
|
|a 34478
|
| 040 |
|
|
|a DLC
|c DLC
|d COU
|d NLM
|d AGL
|d UtOrBLW
|
| 049 |
|
|
|a TMVM
|c 1
|
| 050 |
0 |
0 |
|a QP624
|b .S69 1996
|
| 060 |
0 |
0 |
|a 1996 A-707
|
| 060 |
1 |
0 |
|a QU 58.5
|b S683t 1996
|
| 069 |
0 |
|
|a 9601945
|
| 070 |
0 |
|
|a QP624.S69
|b 1996
|
| 072 |
|
0 |
|a X300
|
| 082 |
0 |
0 |
|a 574.87/3282
|2 20
|
| 096 |
|
|
|a QU 58.5
|b S683t 1996
|
| 100 |
1 |
|
|a Soĭfer, Valeriĭ.
|
| 245 |
1 |
0 |
|a Triple-helical nucleic acids /
|c Valery N. Soyfer, Vladimir N. Potaman.
|
| 264 |
|
1 |
|a New York :
|b Springer,
|c [1996]
|
| 264 |
|
4 |
|c ©1996
|
| 300 |
|
|
|a xiv, 360 pages :
|b illustrations ;
|c 25 cm.
|
| 336 |
|
|
|a text
|2 rdacontent
|b txt
|
| 337 |
|
|
|a unmediated
|2 rdamedia
|
| 338 |
|
|
|a volume
|2 rdacarrier
|b nc
|
| 504 |
|
|
|a Includes bibliographical references (pages 285-346) and index.
|
| 505 |
0 |
|
|a The discovery of triple-stranded nucleic acids -- Methods of triplex study -- General features of triplex structures -- Triplex recognition -- The forces participating in triplex stabilization -- In vivo significance of triple-stranded nucleic acid structures -- Possible spheres of application of intermolecular triplexes.
|
| 650 |
|
2 |
|a DNA.
|
| 700 |
1 |
|
|a Potaman, Vladimir N.
|
| 999 |
|
|
|a MARS
|
| 999 |
f |
f |
|s e9ef0445-d5ba-319b-8e65-795a68dfd755
|i 29e3e04b-a89d-32aa-a79c-3bbf39b11c9e
|t 0
|
| 952 |
f |
f |
|p ric
|a Texas A&M University
|b Rellis Campus
|c Joint Library Facility
|d Remote Storage
|t 0
|e QU 58.5 S683t 1996
|h National Library of Medicine classification
|i unmediated -- volume
|m 3238901215955
|
| 998 |
f |
f |
|a QU 58.5 S683t 1996
|t 0
|l Remote Storage
|